000 00227nam a22000857a 4500
008 160705b xxu||||| |||| 00| 0 eng d
100 _92277
_a Hawkins, R.E
245 _aThe Little Oxford Dictionary
260 _aDelhi
_b Oxford
_c1994
999 _c1959
_d1959